| 000 | 00906npm a2200229 4500 | ||
|---|---|---|---|
| 001 | 5097 | ||
| 003 | ES-MaACL | ||
| 005 | 20230908143341.0 | ||
| 007 | hzrazu bucu | ||
| 008 | 891019r19891902fr a a 00010 fre d | ||
| 080 | _a7(05)(443.6) | ||
| 080 | _a05(44) | ||
| 245 | 0 | 4 |
_aLes Arts _b: [Microforma]. |
| 260 |
_aMadrid : _bAteneo Cientifico, Literario y Artistico, _c1989. |
||
| 300 |
_a5 carretes de microfilme : _bnegativo, il. ; _c35 mm. |
||
| 500 | _aPublicado originalmente: Paris, Manzi Joyant y Cie., 1902-1914, periodicidad mensual. | ||
| 505 | 8 | _aCarrete n. 1: 1902 a 1904 (oct.) -- Carrete n. 2: 1904 (nov.) a 1907 (jun.) -- Carrete n. 3: 1907 (jul.) a 1910 (jun.) -- Carrete n. 4: 1910 (jul.) a 1912 -- Carrete n. 5: 1913 a 1914 (setp.) | |
| 852 |
_aES-MaACL _jM-199-203 _95214 _cDEPO1 |
||
| 942 |
_2udc _cMICROFORMA |
||
| 999 |
_c5097 _d5097 |
||